Southville International School and Colleges
Your cart is empty.
  • Cart
  • Lists
    Public lists Eva Luna New books Lux_list list_1
    Your lists Log in to create your own lists
  • Log in to your account
  • Your cookies
  • Search history
Southville International School and Colleges
  • Advanced search
  • Recent comments
  • Most popular
  • Libraries

Log in to your account

Log in with GOOGLE


If you do not have an external account, but do have a local account, you can still log in:

  1. Home
  2. MARC view: Human physiology /
Normal view MARC view ISBD view

Human physiology / (Record no. 16036)

[ view plain ]
MARC details
000 -LEADER
fixed length control field 00516nam a22002057a 4500
003 - CONTROL NUMBER IDENTIFIER
control field OSt
005 - DATE AND TIME OF LATEST TRANSACTION
control field 20140310182804.0
008 - FIXED-LENGTH DATA ELEMENTS--GENERAL INFORMATION
fixed length control field 130214t xxu||||| |||| 00| 0 eng d
020 ## - INTERNATIONAL STANDARD BOOK NUMBER
International Standard Book Number 069725383x
050 ## - LIBRARY OF CONGRESS CALL NUMBER
Classification number QP 34.5
Item number .F68 1996
082 ## - DEWEY DECIMAL CLASSIFICATION NUMBER
Classification number 612
Item number F79 1996
100 ## - MAIN ENTRY--PERSONAL NAME
Personal name Fox, Stuart Ira
245 ## - TITLE STATEMENT
Title Human physiology /
Statement of responsibility, etc Stuart Ira Fox.
260 ## - PUBLICATION, DISTRIBUTION, ETC. (IMPRINT)
Place of publication, distribution, etc Boston :
Name of publisher, distributor, etc McGraw-Hill,
Date of publication, distribution, etc 1996.
300 ## - PHYSICAL DESCRIPTION
Extent 704 p. :
Dimensions 28 cm.
521 ## - TARGET AUDIENCE NOTE
Target audience note
650 ## - SUBJECT ADDED ENTRY--TOPICAL TERM
Topical term or geographic name as entry element Human Physiology
942 ## - ADDED ENTRY ELEMENTS (KOHA)
Source of classification or shelving scheme Library of Congress Classification
Koha item type Books
Call number prefix Foreign
Holdings
Withdrawn status Lost status Source of classification or shelving scheme Damaged status Home library Current library Shelving location Date acquired Total Checkouts Full call number Barcode Date last seen Copy number Price effective from Koha item type
    Library of Congress Classification   College Library College Library General Circulation Section 02/14/2013   QP 34.5 .F68 1996 C2233 05/15/2018 1 03/10/2014 Books

Human physiology /

APA

Fox S. I., . (1996). Human physiology. Boston: McGraw-Hill.

Chicago

Fox Stuart Ira, . 1996. Human physiology. Boston: McGraw-Hill.

Harvard

Fox S. I., . (1996). Human physiology. Boston: McGraw-Hill.

MLA

Fox Stuart Ira, . Human physiology. Boston: McGraw-Hill. 1996.

  • Place hold
  • Print
  • Cite
  • Add to your cart (remove)
  • Save record
    BIBTEX Dublin Core MARCXML MARC (non-Unicode/MARC-8) MARC (Unicode/UTF-8) MARC (Unicode/UTF-8, Standard) MODS (XML) RIS
  • More searches
    Search for this title in:
    Other Libraries (WorldCat) Other Databases (Google Scholar) Online Stores (Bookfinder.com) Open Library (openlibrary.org)

Exporting to Dublin Core...

SOUTHVILLE LIBRARY

Southville International School and Colleges Library

1281 Tropical Ave. Cor. Luxembourg St., BF Homes International, Las Pinas City

Tel. No. 8256374 / 252358 Loc. 117/146

Powered by Koha